O snugal-flijer bebé (Registo nº 35276)

Detalhes MARC
000 -Etiqueta do registo
Valores 00695cam a2200241 4500
010 ## - Número ISBN
ISBN 9789895522644
021 ## - Número do Depósito Legal
Código do país Portugal
Número 258076/07
100 ## - Dados gerais de processamento
Dados gerais 20090907d2007 c y0pory5003 ba
101 1# - Língua de publicação
Língua Português
102 ## - País de publicação
País Portugal
200 1# - Titulo e menção de responsabilidade
Título próprio O snugal-flijer bebé
Primeira menção de responsabilidade Jimmy Carter
Outras menções de responsabilidade il. Amy Carter
-- trad. Rui Costa
210 ## - Publicação
Local de publicação Vila Nova de Famalicão
Nome do editor Quasi Edições
Data de publicação 2007
215 ## - Descrição física 
Paginação / Volumes [26] p.
Outras indicações físicas il
225 2# - Colecção 
Título próprio da colecção Tempo dos mais novos
Nome de parte ou secção Série da Adriana
606 ## - Nome comum usado como assunto
ID Autoridade 185
Palavra de ordem Literatura infantil
675 ## - CDU
Notação 82-93
Edição BN
Língua por
700 ## - Autor principal
Apelido Carter
Nome Jimmy
Função Autor
ID Autoridade 5956
702 ## - Autor secundário
Apelido Carter
Nome Amy
Função Ilustrador
ID Autoridade 5957
702 ## - Autor secundário
Apelido Costa
Nome Rui
Função Tradutor
ID Autoridade 3159
801 #0 - Fonte de origem
País PT
Agência CMAR
Regras de catalogação RPC
090 ## - Tipo de documento
Koha biblioitem number (autogenerated) 35276
990 ## - Elementos KOHA
Tipo de documento Livro
Exemplares
Situação do levantamento Situação do extravio Biblioteca de origem Biblioteca de empréstimo Código de barras Cota Permissão de empréstimo Tipo de documento Forma de aquisição
  Completo Biblioteca Municipal de Viana Do Alentejo Biblioteca Municipal de Viana Do Alentejo 0034137 8 CAR Disponível Livro  




Powered by Koha